|
|
|
|
| LEADER |
00000cam a2200000 ca4500 |
| 001 |
503125350 |
| 003 |
DE-627 |
| 005 |
20240912114850.0 |
| 007 |
tu |
| 008 |
051121m20039999xxu||||| 00| ||eng c |
| 020 |
|
|
|a 0801096456
|9 0-8010-9645-6
|
| 035 |
|
|
|a (DE-627)503125350
|
| 035 |
|
|
|a (DE-576)9503125359
|
| 035 |
|
|
|a (DE-599)GBV503125350
|
| 040 |
|
|
|a DE-627
|b ger
|c DE-627
|e rakwb
|
| 041 |
|
|
|a eng
|
| 044 |
|
|
|c XD-US
|
| 100 |
1 |
|
|0 (DE-588)119214318
|0 (DE-627)08001268X
|0 (DE-576)163479151
|4 aut
|a Warfield, Benjamin Breckinridge
|d 1851-1921
|
| 109 |
|
|
|a Warfield, Benjamin Breckinridge 1851-1921
|a Warfield, Benjamin B. 1851-1921
|a Breckinridge Warfield, Benjamin 1851-1921
|a Warfield, Benj. B. 1851-1921
|a Warfield, B. B. 1851-1921
|
| 243 |
1 |
0 |
|a Sammlung
|
| 245 |
1 |
4 |
|a The works of Benjamin B. Warfield
|
| 246 |
1 |
|
|i Nebentitel
|a Rückent
|
| 250 |
|
|
|a Reprinted, copyright 1932 by Oxford University Press, New York
|
| 264 |
|
1 |
|a Grand Rapids, Mich.: Baker Books
|c 2003-
|
| 336 |
|
|
|a Text
|b txt
|2 rdacontent
|
| 337 |
|
|
|a ohne Hilfsmittel zu benutzen
|b n
|2 rdamedia
|
| 338 |
|
|
|a Band
|b nc
|2 rdacarrier
|
| 534 |
|
|
|c 1932
|
| 601 |
|
|
|a Benjamin
|
| 935 |
|
|
|a JALB
|a mteo
|
| 951 |
|
|
|a MC
|
| ELC |
|
|
|b 1
|
| LOK |
|
|
|0 000 xxxxxcx a22 zn 4500
|
| LOK |
|
|
|0 001 4579087194
|
| LOK |
|
|
|0 003 DE-627
|
| LOK |
|
|
|0 004 503125350
|
| LOK |
|
|
|0 005 20240912111626
|
| LOK |
|
|
|0 008 240912||||||||||||||||ger|||||||
|
| LOK |
|
|
|0 040
|a DE-Tue135
|c DE-627
|d DE-Tue135
|
| LOK |
|
|
|0 092
|o n
|
| LOK |
|
|
|0 852
|a DE-Tue135
|
| LOK |
|
|
|0 852 1
|9 00
|
| LOK |
|
|
|0 935
|a JALB
|
| LOK |
|
|
|0 939
|a 12-09-24
|b l01
|
| ORI |
|
|
|a SA-MARC-ixtheoa001.raw
|
| SPR |
|
|
|a 1
|t IXT
|